[Event "San Sebastian Open"]
[Site "San Sebastian ESP"]
[Date "1995.??.??"]
[Round "5"]
[White "San Segundo Carrillo, Pablo"]
[Black "Pomes Marcet, Juan"]
[Result "1-0"]
[WhiteElo "2480"]
[BlackElo "2410"]
[PlyCount "59"]
[EventDate "1995.??.??"]
[Source "www.chesslib.no"]
[SourceDate "2004.05.04"]

1. d4 e6 2. c4 f5 3. Nf3 Nf6 4. Nc3 Be7 5. g3 d6 6. Bg2 O-O 7. O-O a5 8. Re1 Ne4 9. Qc2 Nxc3 10. Qxc3 Bf6 11. Qc2 Nc6 12. Rd1 Qe7 13. d5 Nb4 14. Qd2 exd5 15. cxd5 Bd7 16. e3 Ba4 17. Rf1 Bb5 18. Rd1 Ba4 19. Rf1 Rfe8 20. a3 Na6 21. Qxa5 Nc5 22. Qb4 Bb3 23. Nd4 Ra4 24. Qd2 Bc4 25. Re1 Bxd4 26. Qxd4 Nb3 27. Qd1 Nc5 28. b4 Bb3 29. Qd2 Ne4 30. Qd3 1-0

[Event "Collado Villalba"]
[Site "?"]
[Date "2006.08.25"]
[Round "7"]
[White "Suba Mihai"]
[Black "Valles Moreno Ivan"]
[Result "1-0"]
[WhiteElo "2533"]
[BlackElo "2356"]
[PlyCount "101"]
[EventDate "2006.??.??"]
[Source "www.chesslib.no"]
[SourceDate "2004.05.04"]

1. c4 e6 2. g3 f5 3. Bg2 Nf6 4. Nf3 Be7 5. O-O O-O 6. d4 d6 7. Nc3 Ne4 8. Qc2 Nxc3 9. Qxc3 a5 10. Rd1 Bf6 11. b3 Nc6 12. Bb2 Qe8 13. Qe1 e5 14. dxe5 dxe5 15. e4 Qh5 16. Rd5 fxe4 17. Qxe4 Bf5 18. Qe2 Rae8 19. Re1 Nb4 20. Rxa5 b6 21. Rxe5 Bxe5 22. Nxe5 Qxe2 23. Rxe2 Rd8 24. h3 Rfe8 25. Bc3 Rd1+ 26. Kh2 Nd3 27. Bc6 Re7 28. g4 Bc8 29. Re3 Nxe5 30. Rxe5 Rxe5 31. Bxe5 Rd2 32. Bd5+ Kh8 33. Kg2 b5 34. Bxc7 bxc4 35. bxc4 Rxa2 36. Kg3 Rd2 37. Bf4 Rd3+ 38. Be3 Ba6 39. Kf4 Rc3 40. c5 Bf1 41. h4 Bc4 42. Ke5 Bb5 43. g5 Be8 44. Ke6 Bh5 45. c6 Bg4+ 46. Kd6 Rd3 47. c7 Rc3 48. Bd4 Rd3 49. Be5 Rh3 50. Be6 Rd3+ 51. Ke7 1-0

[Event "First Saturday GM - Ottobre 2007"]
[Site "Budapest UNG"]
[Date "2007.10.11"]
[Round "5"]
[White "Fodor, Tamas Jr"]
[Black "Hoang, Thanh Trang"]
[Result "1/2-1/2"]
[WhiteElo "2422"]
[BlackElo "2466"]
[PlyCount "127"]
[EventDate "2007.10.07"]
[Source "www.chesslib.no"]
[SourceDate "2004.05.04"]

1. d4 e6 2. c4 f5 3. g3 Nf6 4. Bg2 Be7 5. Nf3 O-O 6. O-O d6 7. b3 Ne4 8. Bb2 Bf6 9. Nbd2 Nc6 10. Ne1 d5 11. e3 Ne7 12. Nd3 c6 13. Rc1 Bd7 14. f3 Nxd2 15. Qxd2 Be8 16. Nc5 Qc8 17. e4 b6 18. e5 Bxe5 19. dxe5 bxc5 20. Ba3 f4 21. Bxc5 Qd7 22. cxd5 cxd5 23. Bd6 Rf7 24. Rc7 Qd8 25. Bh3 Bd7 26. Qb4 fxg3 27. hxg3 Nf5 28. Qb7 g6 29. Kh2 Rc8 30. Bxf5 gxf5 31. Qxa7 f4 32. Rg1 Rg7 33. Rxc8 Bxc8 34. Qd4 fxg3+ 35. Rxg3 Rxg3 36. Kxg3 Qg5+ 37. Qg4 Qxg4+ 38. fxg4 Kf7 39. Kf4 Ke8 40. a4 Ba6 41. b4 Bc4 42. Ke3 Kd7 43. b5 Bb3 44. a5 Bc4 45. b6 Kc6 46. Kd4 Be2 47. g5 Bf1 48. Bb4 Ba6 49. Bd2 Bc4 50. Ke3 Ba6 51. Bc3 Kb5 52. Kf4 Kc4 53. Be1 Kc5 54. Kg4 Be2+ 55. Kh4 Kc6 56. Bf2 Kb7 57. Bd4 Kc6 58. Bf2 Kb7 59. Bg1 d4 60. Bxd4 Bf3 61. g6 hxg6 62. Kg5 Be4 63. Kf6 Bd5 64. Kxg6 1/2-1/2

[Event "Summer III"]
[Site "Alushta"]
[Date "2004.06.09"]
[Round "5"]
[White "Abbasov, Farid"]
[Black "Shtyrenkov, Veniamen"]
[Result "1/2-1/2"]
[WhiteElo "2435"]
[BlackElo "2449"]
[PlyCount "93"]
[EventDate "2004.06.05"]
[Source "Roberto Alvarez"]
[SourceDate "2004.06.13"]

1. c4 f5 2. Nf3 Nf6 3. g3 d6 4. d4 e6 5. Bg2 Be7 6. O-O O-O 7. Nc3 a5 8. Qc2 Nc6 9. a3 e5 10. d5 Nb8 11. e4 Nxe4 12. Nxe4 fxe4 13. Nd2 e3 14. fxe3 Rxf1+ 15. Nxf1 a4 16. Be4 h6 17. Bh7+ Kh8 18. Bf5 Nd7 19. e4 Bg5 20. Be3 Bxe3+ 21. Nxe3 Nc5 22. Rf1 Qg5 23. Qe2 Nb3 24. Qf2 Bxf5 25. exf5 Nc5 26. h4 Qe7 27. Qe2 Rf8 28. Ng4 Qe8 29. Ne3 e4 30. Ng2 Nd3 31. Nf4 Nxf4 32. Rxf4 Qe5 33. Qxe4 Qxb2 34. Rf3 Qf6 35. Kg2 h5 36. Qe2 c6 37. Rf4 Qf7 38. dxc6 bxc6 39. Qd1 d5 40. Qxa4 Qd7 41. Qd1 Rxf5 42. Rxf5 Qxf5 43. cxd5 cxd5 44. Qf3 Qc2+ 45. Kh3 Qc7 46. Kg2 Qc2+ 47. Kh3 1/2-1/2

[Event "XXIV ECC"]
[Site "Kallithea GRE"]
[Date "2008.10.21"]
[Round "5"]
[White "Braun, A."]
[Black "Trygstad, K."]
[Result "1/2-1/2"]
[WhiteElo "2567"]
[BlackElo "2316"]
[PlyCount "123"]
[EventDate "2008.10.17"]
[Source "www.chesslib.no"]
[SourceDate "2004.05.04"]

1. d4 f5 2. Nf3 e6 3. g3 Nf6 4. Bg2 Be7 5. O-O O-O 6. c4 d6 7. Nc3 Ne4 8. Nxe4 fxe4 9. Ne1 d5 10. f3 dxc4 11. fxe4 e5 12. e3 Bf6 13. Qa4 exd4 14. Qxc4+ Kh8 15. e5 Bxe5 16. Rxf8+ Qxf8 17. exd4 Bf6 18. Nf3 Nc6 19. Ng5 Bxd4+ 20. Kh1 h6 21. Nf7+ Kh7 22. Be4+ g6 23. Bd2 Qe7 24. Re1 Bg4 25. h3 Qe6 26. Qf1 Bf5 27. Bxf5 Qxf7 28. Be6 Qxf1+ 29. Rxf1 Ne5 30. Rf4 c5 31. b4 b6 32. Re4 Rf8 33. Bf4 Nd3 34. Kg2 g5 35. Bc4 Nxf4+ 36. gxf4 Rxf4 37. Re7+ Kg6 38. bxc5 Bxc5 39. Bd3+ Kf6 40. Rxa7 h5 41. Bb5 h4 42. Bd7 Rf2+ 43. Kh1 Ke5 44. Bg4 Rf1+ 45. Kg2 Rf2+ 46. Kh1 Ke4 47. Be6 Rf1+ 48. Kg2 Rg1+ 49. Kh2 Rg3 50. Rd7 Be3 51. Rd1 Bf4 52. Kh1 Kf3 53. Rb1 Be3 54. Bd5+ Kf4 55. Be6 Ke5 56. Bg4 Bc5 57. Re1+ Kf4 58. Rf1+ Ke4 59. Re1+ Kf4 60. Rf1+ Ke4 61. Re1+ Kf4 62. Rf1+ 1/2-1/2

[Event "Mind Sports Games - Rapid Ind w"]
[Site "Pechino CINA"]
[Date "2008.10.06"]
[Round "7"]
[White "Houska, Jo"]
[Black "Hoang Thanh Trang"]
[Result "1-0"]
[WhiteElo "2399"]
[BlackElo "2483"]
[PlyCount "79"]
[EventDate "2008.10.05"]
[Source "www.chesslib.no"]
[SourceDate "2004.05.04"]

1. d4 e6 2. g3 f5 3. Bg2 Nf6 4. c4 Be7 5. Nf3 O-O 6. O-O d6 7. Nc3 Ne4 8. Nxe4 fxe4 9. Ne1 d5 10. b3 Bf6 11. Be3 Nc6 12. Nc2 Ne7 13. f3 Nf5 14. fxe4 dxe4 15. Bf2 e3 16. Nxe3 Bxd4 17. Nxf5 Bxa1 18. Qxd8 Rxd8 19. Ne7+ Kf7 20. Nxc8 Bf6 21. Nxa7 c6 22. Be3 Kg8 23. a4 Bd4 24. Bxd4 Rxd4 25. Nxc6 bxc6 26. Bxc6 Rb8 27. Bb5 Rd2 28. c5 h5 29. Rc1 Kf7 30. c6 Rc8 31. c7 Rd6 32. Bc6 Rxc7 33. Be8+ Kxe8 34. Rxc7 Rd1+ 35. Kf2 Rb1 36. a5 Kd8 37. Rxg7 Kc8 38. a6 Rxb3 39. a7 Ra3 40. h3 1-0

[Event "First Saturday GM - Settembre 2008"]
[Site "Budapest UNG"]
[Date "2008.09.12"]
[Round "7"]
[White "Nguyen, Huynh M.H"]
[Black "Grafl, Florian"]
[Result "1/2-1/2"]
[WhiteElo "2477"]
[BlackElo "2404"]
[PlyCount "40"]
[EventDate "2008.09.06"]
[Source "www.chesslib.no"]
[SourceDate "2004.05.04"]

1. d4 f5 2. g3 Nf6 3. Bg2 e6 4. Nf3 Be7 5. O-O O-O 6. c4 d6 7. b4 Ne4 8. Qc2 a5 9. b5 a4 10. Nbd2 d5 11. Rb1 Nd7 12. cxd5 exd5 13. Bb2 Nb6 14. Ne5 Be6 15. Bc3 Bd6 16. Bb4 Rf6 17. Nd3 Qe8 18. Nf3 Bd7 19. Nfe5 Bc8 20. Nf3 Bd7 1/2-1/2

[Event "op-24"]
[Site "Mar del Plata ARG"]
[Date "1993.??.??"]
[Round "?"]
[White "Amura, Claudia N"]
[Black "Panno, Oscar R"]
[Result "1/2-1/2"]
[WhiteElo "2380"]
[BlackElo "2495"]
[PlyCount "53"]
[EventDate "1993.??.??"]
[Source "www.chesslib.no"]
[SourceDate "2004.05.04"]

1. d4 e6 2. c4 f5 3. g3 Nf6 4. Bg2 Be7 5. Nf3 O-O 6. O-O d6 7. b3 Qe8 8. Bb2 Qh5 9. e3 Nc6 10. Nc3 Nd8 11. Ne2 g5 12. Nc1 Nf7 13. Nd3 Qh6 14. Nd2 c6 15. e4 e5 16. Qe2 f4 17. dxe5 dxe5 18. Nxe5 Nxe5 19. Bxe5 Ng4 20. Nf3 Nxe5 21. Nxe5 fxg3 22. hxg3 Bf6 23. f4 Qg7 24. Rac1 gxf4 25. gxf4 Bxe5 26. fxe5 Bg4 27. Qe3 1/2-1/2

[Event "Open"]
[Site "Montpellier"]
[Date "2003.??.??"]
[Round "4.8"]
[White "Dumitrache, Dragos"]
[Black "Williams, Simon"]
[Result "0-1"]
[WhiteElo "2492"]
[BlackElo "2381"]
[PlyCount "56"]
[EventDate "2003.07.07"]
[Source "Roberto Alvarez"]
[SourceDate "2003.08.04"]

1. d4 e6 2. c4 f5 3. g3 Nf6 4. Bg2 Be7 5. Nf3 O-O 6. O-O d6 7. b4 Ne4 8. Bb2 a5 9. b5 a4 10. Nfd2 d5 11. Nxe4 fxe4 12. Ba3 c6 13. f3 exf3 14. Bxf3 dxc4 15. bxc6 Nxc6 16. e3 e5 17. d5 Nb4 18. Nc3 Bh3 19. Bg2 Bxg2 20. Rxf8+ Qxf8 21. Kxg2 Nd3 22. Bxe7 Qxe7 23. Rb1 Qg5 24. Rxb7 Rf8 25. d6 Qxe3 26. d7 Ne1+ 27. Kh3 Qh6+ 28. Kg4 Qe6+ 0-1

[Event "Stone Flower"]
[Site "?"]
[Date "2005.12.12"]
[Round "6"]
[White "Maletin Pavel"]
[Black "Ovechkin Igor V"]
[Result "1/2-1/2"]
[WhiteElo "2516"]
[BlackElo "2357"]
[PlyCount "67"]
[EventDate "2005.??.??"]
[Source "www.chesslib.no"]
[SourceDate "2004.05.04"]

1. Nf3 f5 2. g3 Nf6 3. Bg2 d6 4. d4 e6 5. O-O Be7 6. c4 O-O 7. Nc3 Ne4 8. Nxe4 fxe4 9. Nd2 d5 10. f3 exf3 11. Nxf3 Nc6 12. b3 Bf6 13. Ba3 Re8 14. e3 b6 15. Ne1 Bb7 16. Nd3 dxc4 17. bxc4 Na5 18. Bxb7 Nxb7 19. Nf4 Nd6 20. Bxd6 Qxd6 21. Rc1 Bg5 22. c5 Qe7 23. Qg4 Rad8 24. cxb6 cxb6 25. Rc6 Bxf4 26. gxf4 Rd6 27. Rfc1 Rxc6 28. Rxc6 Qd7 29. d5 Qxd5 30. Rc7 g6 31. Qh4 Qd1+ 32. Kf2 Qd2+ 33. Kf3 Qd1+ 34. Kf2 1/2-1/2

[Event "Asti op"]
[Site "Asti"]
[Date "1996.??.??"]
[Round "?"]
[White "Flear, Glenn C"]
[Black "Naumkin, Igor"]
[Result "1/2-1/2"]
[WhiteElo "2435"]
[BlackElo "2430"]
[PlyCount "83"]
[EventDate "1996.10.??"]
[Source "www.chesslib.no"]
[SourceDate "2004.05.04"]

1. d4 e6 2. c4 f5 3. Nf3 Nf6 4. g3 Be7 5. Bg2 O-O 6. O-O d6 7. b3 Qe8 8. Bb2 Qh5 9. Nbd2 Nc6 10. e3 Bd7 11. Ne1 Qh6 12. Nd3 Rae8 13. b4 Nd8 14. b5 Bc8 15. e4 fxe4 16. Nxe4 Nxe4 17. Bxe4 Nf7 18. Bg2 Bf6 19. f4 Qg6 20. Qe2 Nh6 21. Rad1 Nf5 22. Nf2 b6 23. g4 Nh4 24. Be4 Qf7 25. Nd3 d5 26. Ne5 Bxe5 27. fxe5 Qd7 28. Bh1 Bb7 29. Ba3 Rxf1+ 30. Rxf1 Ng6 31. Qf2 c5 32. bxc6 Bxc6 33. cxd5 Bxd5 34. Bxd5 exd5 35. Qf5 Qa4 36. Kh1 Kh8 37. Qd3 Qd7 38. h3 Qc6 39. Rc1 Qa4 40. Rf1 Qc6 41. Rc1 Qa4 42. Rf1 1/2-1/2

[Event "Barcelona City"]
[Site "Barcelona ESP"]
[Date "1994.??.??"]
[Round "?"]
[White "Pomes Marcet, Juan"]
[Black "Comas Fabrego, Luis"]
[Result "1/2-1/2"]
[WhiteElo "2390"]
[BlackElo "2475"]
[PlyCount "80"]
[EventDate "1994.??.??"]
[Source "www.chesslib.no"]
[SourceDate "2004.05.04"]

1. d4 e6 2. c4 f5 3. g3 Nf6 4. Bg2 Be7 5. Nc3 O-O 6. Nf3 d6 7. O-O a5 8. Re1 Ne4 9. Qc2 Nxc3 10. bxc3 Nc6 11. e4 fxe4 12. Qxe4 Bf6 13. h4 e5 14. Ng5 Bxg5 15. Bxg5 Qe8 16. d5 Nb8 17. c5 Nd7 18. cxd6 cxd6 19. Qc4 Nc5 20. Be3 Bf5 21. Bxc5 Rc8 22. Qb3 Rxc5 23. Qxb7 Qb8 24. Qe7 Rf7 25. Qg5 Rxc3 26. Rac1 h6 27. Qd2 Ra3 28. Rc6 Bd7 29. Rc2 Qa7 30. Re3 Rxe3 31. Qxe3 Qb8 32. Qb3 Rf8 33. Be4 Qxb3 34. axb3 Rc8 35. Kf1 Rxc2 36. Bxc2 Bg4 37. Bd3 Bf3 38. Bc4 Kf7 39. Ke1 Kf6 40. Kd2 e4 1/2-1/2